Agricultural mechanics: Fundamentals & Applications

Kaydedildi:
Detaylı Bibliyografya
Yazar: Herren, Ray V.
Materyal Türü: Kitap
Dil:Undetermined
Baskı/Yayın Bilgisi: Clifton Park, N.Y. Thomson Delmar Lerning 2006
Konular:
Etiketler: Etiketle
Etiket eklenmemiş, İlk siz ekleyin!
Thư viện lưu trữ: Trung tâm Học liệu Trường Đại học Cần Thơ
LEADER 00531nam a2200193Ia 4500
001 CTU_122338
008 210402s9999 xx 000 0 und d
082 |a 631.3 
082 |b H564 
100 |a Herren, Ray V. 
245 0 |a Agricultural mechanics: 
245 0 |b Fundamentals & Applications 
245 0 |c Ray V. Herren 
260 |a Clifton Park, N.Y. 
260 |b Thomson Delmar Lerning 
260 |c 2006 
650 |a Agricultural mechanics. 
904 |i M.Loan 
980 |a Trung tâm Học liệu Trường Đại học Cần Thơ